| 000 | 00451nam a2200193Ia 4500 | ||
|---|---|---|---|
| 005 | 20250603144728.0 | ||
| 008 | 250603s9999 xx 000 0 und d | ||
| 020 | _a9781455776269 | ||
| 050 | _aRC 266 .I83/ | ||
| 100 | _aEdited by Joanne K. Itano | ||
| 245 | 0 | _aCore curriculum for oncology nursing | |
| 250 | _a5th ed | ||
| 260 | _aMissouri | ||
| 260 | _bElsevier | ||
| 260 | _c2016 | ||
| 300 | _a598 p | ||
| 650 | _aMissouri | ||
| 942 | _cBK | ||
| 999 |
_c39776 _d39776 |
||